ბათუმის შოთა რუსთაველის სახელმწიფო უნივერსიტეტის ბიბლიოთეკა

წყნარი დონი : რომანი 4 წიგნად. წ. 2 (ბიბ.ჩანაწერი № 50154)

000 -LEADER
fixed length control field 00749nam a2200217Ia 4500
001 - CONTROL NUMBER
control field 17092
003 - CONTROL NUMBER IDENTIFIER
control field GE_BSU
008 - FIXED-LENGTH DATA ELEMENTS--GENERAL INFORMATION
fixed length control field 181216s||||||||xx |||||||||||||| ||und||
040 ## - CATALOGING SOURCE
Transcribing agency GE_BSU
080 ## - UNIVERSAL DECIMAL CLASSIFICATION NUMBER
Universal Decimal Classification number 821.161.1-31
100 ## - MAIN ENTRY--PERSONAL NAME
Personal name შოლოხოვი, მ. (1905-1984)
245 ## - TITLE STATEMENT
Title წყნარი დონი : რომანი 4 წიგნად. წ. 2
245 ## - TITLE STATEMENT
Statement of responsibility, etc. მთარგმნ.: თინათინ ჯავახიშვილი ; რედ.: რ. ქორქია
260 ## - PUBLICATION, DISTRIBUTION, ETC.
Place of publication, distribution, etc. თბილისი
260 ## - PUBLICATION, DISTRIBUTION, ETC.
Name of publisher, distributor, etc. საბჭ. საქართველო
260 ## - PUBLICATION, DISTRIBUTION, ETC.
Date of publication, distribution, etc. 1958
300 ## - PHYSICAL DESCRIPTION
Extent 451 გვ.. 20სმ.
653 ## - INDEX TERM--UNCONTROLLED
Uncontrolled term რომანი
653 ## - INDEX TERM--UNCONTROLLED
Uncontrolled term წყნარი დონი
942 ## - ADDED ENTRY ELEMENTS (KOHA)
Koha item type წიგნი
ეგზემპლარები
Withdrawn status Lost status Damaged status Not for loan Date acquired Barcode Date last seen Price effective from Koha item type Source of classification or shelving scheme Permanent Location Current Location Full call number
        2018-12-17 21539 2018-12-17 2018-12-17 წიგნი        
        2018-12-17 21540 2018-12-17 2018-12-17 წიგნი        
        2018-12-17 21541 2018-12-17 2018-12-17 წიგნი   ბათუმის შოთა რუსთაველის სახელმწიფო უნივერსიტეტის მთავარი ბიბლიოთეკა ბათუმის შოთა რუსთაველის სახელმწიფო უნივერსიტეტის მთავარი ბიბლიოთეკა 821.161.1-31